| 000 | 01676nam a2200373 a 4500 | ||
|---|---|---|---|
| 003 | BLK | ||
| 005 | 20250328083736.0 | ||
| 008 | 180911b bul|||||r ||||||| ||bul|| | ||
| 010 | _a002763 | ||
| 040 | _aBLK | ||
| 041 |
_aBUL _cBUL |
||
| 080 |
_aИстория на България след Първата и през Втората световна война (1918-1945) _b94(497.2)"1918/1945" _z94(497.2)"1918/1945" |
||
| 100 |
_aЧилингиров, Стилиян Хаджидобрев _d1881-1962 _9410962 |
||
| 139 | _aЧилингиров, Стилиян Хаджидобрев | ||
| 245 | 0 | 0 |
_aДобруджа и нашето Възраждане _bКултурно-исторически издирвания _cС. Чилингиров |
| 260 |
_aСофия _bНародовспомаг. фонд Добруджа _c1917 _fДърж. печ. |
||
| 300 |
_aVIII, 259 с _c23 см |
||
| 380 | _a9 | ||
| 490 |
_aДобруджа _v2 |
||
| 490 |
_aЧастна колекция - Академик Михаил Арнаудов _gДарение - Основен фонд |
||
| 500 | _aАвтограф с текст: На моя незаменим приятел д-р М. Арнаудов, професор. С привет: С. Чилингиров София, 25. 12. 917. | ||
| 650 | 0 |
_9396464 _aИстория |
|
| 651 | 7 |
_9178684 _aБългария |
|
| 653 | 7 |
_9187889 _aистория |
|
| 852 |
_aМА 270 _bМА |
||
| 852 |
_aЦб 9.230.7193 _bО |
||
| 852 | _aК 94(497.2)/Ч 81 С | ||
| 942 |
_cKNG _n0 _s1 |
||
| 944 |
_aCR _c1995 _k30577 _lДимитрова Надя |
||
| 944 |
_aED _c2021-09-15 _kК.Д. |
||
| 999 |
_c343102 _d343102 |
||
| 999 | _d343102 | ||
| 999 | _d343102 | ||
| 999 | _d343102 | ||